000 00785nam a2200253 i 4500
003 DO-SdBNP
005 20250606152122.0
007 ta
008 250606b2019 dr a|||| |||| 00| 0 spa d
040 _aDO-SdBNP
_bspa
_cBNPHU
_erda
041 _aspa
082 4 _axxx
_bxxx
_222
100 1 _aCastillo, Aurelia,
_eautor
_4aut.
_976355
245 1 _aValorolandia :
_bcuento infantil
_cAurelia Castillo
264 1 _aSanto Domingo :
_bEditora El Poder,
_c2019.
300 _a10 páginas :
_bilustraciones ;
_c27 cm.
336 _atexto
_btxt
_2rdacontent
337 _asin mediación
_bn
_2rdamedia
338 _avolumen
_bnc
_2rdacarrier
500 _aIncluye datos biográficos del autor en la última página
590 _aInventariado, 2025/BT
910 _aBtavárez
942 _2ddc
_cLF2
999 _c58169
_d58169